| 000 | 00780nam a22002297a 4500 | ||
|---|---|---|---|
| 999 |
_c3307 _d3307 |
||
| 003 | AR-CdUCM | ||
| 008 | 190306b ||||| |||| 00| 0 spa d | ||
| 020 | _a978-1-405-85309-5 | ||
| 040 |
_aMUNICIPALIDAD PROVINCIAL DEL CUSCO _cBIBLIOTECA MUNICIPAL DEL CUSCO |
||
| 041 | _heng | ||
| 082 |
_a421 / _bH287 |
||
| 100 |
_aHarmer, Jeremy _910992 |
||
| 245 |
_aHow to : _bTeach english / |
||
| 260 |
_aChina : _bOxford, _c2007 |
||
| 300 |
_a288 paginas ; _c30 cm . _e+ cd |
||
| 505 | _aReasons for learnig -- Describing good teachers -- Classroom management -- Children and language -- Describing language -- Teaching the language system... | ||
| 650 |
_alanguage _910993 |
||
| 650 |
_aLearning english _910994 |
||
| 650 |
_aTeachers _910995 |
||
| 942 |
_2ddc _cLIBROS |
||
| 945 | _awnts | ||